| 000 | 00766 a2200181 4500 | ||
|---|---|---|---|
| 020 | _a0273642030 | ||
| 020 | _a9780273642039 | ||
| 090 |
_c922 _d922 |
||
| 100 | 1 | _aAmbler, Tim. | |
| 245 | 1 | 4 |
_aThe silk road to international marketing / _cTim Ambler. |
| 260 |
_a[S.l.] : _bFinancial Times/Prentice Hall, _c2000. |
||
| 300 |
_a223 p. ; _c57 cm. |
||
| 500 | _aHardcover. | ||
| 520 | _aOffers a new perspective on how the international marketer adds value to the organization. Captures the essence of how international business really works. | ||
| 856 | 4 | 0 |
_3Amazon.com _uhttp://www.amazon.com/exec/obidos/ASIN/0273642030/chopaconline-20 |
| 856 | 4 | 0 |
_3Amazon customer reviews _uhttp://www.chopac.org/cgi-bin/tools/azrev.pl?q=0273642030 |
| 942 |
_aNBS _cBK _k658.848 AMB |
||
| 999 |
_c343466 _d343466 |
||